000
00239nam a2200097Ia 4500
001
708663
005
20250826162531.0
008
250824s9999 xx 000 0 und d
245
0
_a
YEMEN CEPHESİ
_c
İBRAHİM ÜNSAL
260
_b
HAYAT YAYINLARI
999
_c
708663
_d
708663